Yield- Pearl Jam (Tracklist) - Statistics

General Stats
  • This quiz has been taken 14 times
  • The average score is 10 of 13
Answer Stats
Hint Answer % Correct
Track 13 All Those Yesterdays
88%
Track 1 Brain of J
88%
Track 2 Faithful
88%
Track 4 Given to Fly
88%
Track 3 No Way
88%
Track 7 Do The Evolution
75%
Track 11 In Hiding
75%
Track 9 MFC
75%
Track 6 Pilate
75%
Track 5 WIshlist
75%
Track 10 Low Light
63%
Track 12 Push Me, Pull Me
63%
Track 8 Red Bar/The Color Red
50%
No matching quizzes found
Score Distribution
Percent of People with Each Score
Percentile by Number Answered
Your Score History
You have not taken this quiz